Փեթակ : (Record no. 363970)
[ view plain ]
| 000 -LEADER | |
|---|---|
| fixed length control field | 00694nam a2200181 a 4500 |
| 001 - CONTROL NUMBER | |
| control field | 001133944 |
| 003 - CONTROL NUMBER IDENTIFIER | |
| control field | AM-YeHGA |
| 005 - DATE AND TIME OF LATEST TRANSACTION | |
| control field | 20250618074508.0 |
| 008 - FIXED-LENGTH DATA ELEMENTS--GENERAL INFORMATION | |
| fixed length control field | 030916s1936 nyua|||brf|||||0||||arm|d |
| 040 ## - CATALOGING SOURCE | |
| Original cataloging agency | AM-YeHGA |
| 090 ## - LOCALLY ASSIGNED LC-TYPE CALL NUMBER (OCLC); LOCAL CALL NUMBER (RLIN) | |
| -- | 365825 |
| 245 00 - TITLE STATEMENT | |
| Title | Փեթակ : |
| Remainder of title | Ընթերցարան հայ մանուկներու / |
| Statement of responsibility, etc. | Պատրաստեց Յ.Գ. Նիկողոսեան. |
| 260 ## - PUBLICATION, DISTRIBUTION, ETC. | |
| Place of publication, distribution, etc. | Նիւ Եորք : |
| Name of publisher, distributor, etc. | Կոչնակ, |
| Date of publication, distribution, etc. | 1936-. |
| 300 ## - PHYSICAL DESCRIPTION | |
| Extent | Գիրք : |
| Other physical details | նկարներ ; |
| Dimensions | 20 սմ. |
| 505 10 - FORMATTED CONTENTS NOTE | |
| Miscellaneous information | Ա գիրք (1936, 46 էջ: նկարներ) |
| -- | Բ. գ. (1941, 95 էջ: նկ.) |
| 650 14 - SUBJECT ADDED ENTRY--TOPICAL TERM | |
| Topical term or geographic name entry element | Հայոց լեզու |
| Form subdivision | Ընթերցարան |
| 9 (RLIN) | 4817 |
| 700 1# - ADDED ENTRY--PERSONAL NAME | |
| Personal name | Նիկողոսեան, Յ. Գ. |
| Relator term | կազմ. |
| Relationship | com |
| Withdrawn status | Lost status | Damaged status | Not for loan | Collection | Home library | Current library | Date acquired | Serial enumeration / chronology | Total checkouts | Full call number | Barcode | Date last seen | Price effective from | Koha item type | Public note |
|---|---|---|---|---|---|---|---|---|---|---|---|---|---|---|---|
| General | Fundamental Scientific Library | Fundamental Scientific Library | 11/01/2017 | Գ. 2 | AII/79409 | FL0408611 | 11/01/2017 | 11/01/2017 | Գրքեր / Books | 30 Days Loan |
ՀՀ Գիտությունների ազգային ակադեմիայի հիմնարար գիտական գրադարան = Fundamental Scientific Library of NAS RA
All site content, except where otherwise noted, is licensed under a